000 00261nam a2200109Ia 4500
008 190216s9999||||xx |||||||||||||| ||und||
100 _aNarayanan
245 0 _aVector Algebra And Analysis
260 _bViswanathan Pvt.Ltd
650 _aMathematics
942 _cBK
999 _c30794
_d30794